000 00604nam a2200253Ia 4500
005 20260123172721.0
008 008 260114s9999 xx 000 0 eng d
020 _a9780750322621
037 _aEBOOK
040 _aCRL
040 _beng
040 _cCRL
041 _2eng
041 _aeng
084 _qCRL
100 _aColombo, Professor Luciano
_91107130
245 0 _aSolid State Physics: A Primer
260 _bInstitute of Physics
260 _c2021
856 _uhttp://dx.doi.org/10.1088/978-0-7503-2265-2
942 _cEBOOK
999 _c1672239
_d1672239